| 000 | 01221nam a22003497a 4500 | ||
|---|---|---|---|
| 001 | 764 | ||
| 005 | 20250327090237.0 | ||
| 020 | _a0590265857 | ||
| 040 |
_aDLC _cDLC _dDLC _beng |
||
| 050 | 0 | 0 |
_aHV1780.2 _b.M66 1996 |
| 082 | 0 | 0 |
_a362.4/183 _220 |
| 100 | 1 | _aMoore, Eva. | |
| 245 | 1 | 0 |
_aBuddy, the first seeing eye dog / _cby Moore, Eva ; illustrated by Bolognese, Don. |
| 250 | _aFirst printing, March 1996 | ||
| 260 |
_aNew York : _bScholastic, _c1996. |
||
| 300 |
_a48 pages : _bcolor illustrations ; _c23 cm. |
||
| 500 | _a"Cartwheel books." | ||
| 505 | _aO | ||
| 520 | _aTrue account of the training and early work experiences of the German shepherd which became the first seeing eye dog in America. | ||
| 521 |
_a600
_bLexile |
||
| 521 |
_aO
_bRaz-Plus |
||
| 650 | 0 |
_aBuddy (Dog) _xJuvenile literature. |
|
| 650 | 0 |
_aGuide dogs _xTraining of _zUnited States _xJuvenile literature. |
|
| 650 | 0 |
_aGuide dog schools _zUnited States _xJuvenile literature. |
|
| 650 | 1 |
_aGuide dogs _xTraining. |
|
| 650 | 1 | _aDogs. | |
| 650 | 1 | _aBlind. | |
| 650 | 1 | _aPeople with disabilities. | |
| 700 | 1 |
_aBolognese, Don, _eillustrator. |
|
| 906 |
_a7 _bcbc _corignew _d1 _eocip _f19 _gy-gencatlg |
||
| 942 |
_2ddc _cBK _n0 |
||
| 999 |
_c764 _d764 |
||